000 00718nam a2200181 i 4500
001 21924
003 ES-MaACL
005 20230906152554.0
007 t|
008 021128s1856 sp ||||1| spa d
100 1 _aAldana, Lucas de.
_919606
245 1 0 _aContestación al folleto "A mis amigos y al Pais"
_b: acerca de la administración de las minas de Rio-Tinto /
_cpor Lucas de Aldana.
260 _aMadrid :
_b[s.n.],
_c1856 (
_fImp. de la Viuda de Antonio Yenes)
300 _a21 p., [1] h. pleg. ;
_c23 cm.
500 _aSeparata de: Revista minera.N. 151.
610 2 4 _aCompañía Española de Minas de Río Tinto.
_95714
852 _aES-MaACL
_jT-902-F-5
_q. - Procede del legado de Federico Botella y Hornos
999 _c21924
_d21924